000 00644nam a2200241 i 4500
001 C2-0223988
003 PPAK
005 20180728152647.0
008 000314s1972 enk |||| ||||| | eng d
040 _aPPAK
_beng
_cPPAK
_erda
082 0 4 _a809
_223
090 0 0 _a809
_bLAU
_dKSA
100 1 _aLaurenson, Diana,
_eauthor
700 1 _aSwingewood, Alan,
_eauthor
245 1 4 _aThe sociology of literature
264 1 _aLondon :
_bGranada ,
_c1972
300 _a281 pages ;
_c19 cm
336 _2rdacontent
_atext
337 _2rdamedia
_aunmediated
338 _2rdacarrier
_avolume
650 1 0 _aSociology literature
942 _ddc
_cB
999 _c144997
_d144997